书目信息 |
| 题名: |
跟奥巴马学演讲
|
|
| 作者: | 利恩 著 ;刘彤 , 毛乐 , 蒋竹怡 译 | |
| 分册: | ||
| 出版信息: | 北京 科学出版社 2009.02 |
|
| 页数: | 207页 | |
| 开本: | 24cm | |
| 丛书名: | ||
| 单 册: | ||
| 中图分类: | H019-49 | |
| 科图分类: | ||
| 主题词: | 演讲--yan jiang--语言艺术--通俗读物 | |
| 电子资源: | ||
| ISBN: | 978-7-03-023833-7 | |
| 000 | 01391nam0 2200325 450 | |
| 001 | 012009531546 | |
| 005 | 20091128183418.51 | |
| 010 | @a978-7-03-023833-7@dCNY35.00 (含光盘) | |
| 010 | @a978-7-88730-253-3@d光盘 | |
| 016 | @aCN-M32-09-0000-0@b光盘 | |
| 100 | @a20090410d2009 em y0chiy0120 ea | |
| 101 | 1 | @achi@ceng |
| 102 | @aCN@b110000 | |
| 105 | @ay a 000yy | |
| 106 | @ar | |
| 200 | 1 | @a跟奥巴马学演讲@Agen ao ba ma xue yan jiang@e让演讲的力量助你一飞冲天@f利恩著@Fli en zhu@g刘彤, 毛乐, 蒋竹怡译@Gliu tong,mao yue,jiang zhu yi yi |
| 210 | @a北京@c科学出版社@d2009.02 | |
| 215 | @a207页@d24cm | |
| 320 | @a有书目 (第174-178页) | |
| 330 | @a通过一次次演讲,曾经名不见经传的奥巴马成功了!他用激动人心的愿景、催人奋进的语言、令人痴狂的风格点燃了数百万支持者心中的热情,他杰出的沟通技巧助他发起了一场前所未有的政治运动,为他成功击败强劲的竞选对手、赢得美国民主党总统候选人提名、最终当选美国历史上第一位非洲裔总统提供了最重要的助力。 | |
| 500 | 10 | @aSay it like Obama@mChinese |
| 517 | 1 | @a让演讲的力量助你一飞冲天@Arang yan jiang de li liang zhu ni yi fei chong tian |
| 606 | 0 | @a演讲@Ayan jiang@x语言艺术@j通俗读物 |
| 690 | @aH019-49@v4 | |
| 701 | 1 | @a利恩@Ali en@g(Leanne, Shel)@4著 |
| 702 | 0 | @a刘彤@Aliu tong@4译 |
| 702 | 0 | @a毛乐@Amao yue@4译 |
| 702 | 0 | @a蒋竹怡@Ajiang zhu yi@4译 |
| 801 | 0 | @aCN@bQSSK@c20091128 |
| 905 | @b768013-15@dH019-49@eL365@f3 | |
| 跟奥巴马学演讲:让演讲的力量助你一飞冲天/利恩著/刘彤, 毛乐, 蒋竹怡译.-北京:科学出版社,2009.02 |
| 207页;24cm |
| ISBN 978-7-03-023833-7:CNY35.00 (含光盘) |
| 通过一次次演讲,曾经名不见经传的奥巴马成功了!他用激动人心的愿景、催人奋进的语言、令人痴狂的风格点燃了数百万支持者心中的热情,他杰出的沟通技巧助他发起了一场前所未有的政治运动,为他成功击败强劲的竞选对手、赢得美国民主党总统候选人提名、最终当选美国历史上第一位非洲裔总统提供了最重要的助力。 |
| ● |
| 相关链接 |
|
|
|
正题名:跟奥巴马学演讲
索取号:H019-49/L365
 
预约/预借
| 序号 | 登录号 | 条形码 | 馆藏地/架位号 | 状态 | 备注 |
| 1 | 768013 | 207680133 | 语言库209/209语言库 65排2列3层/ [索取号:H019-49/L365] | 在馆 | |
| 2 | 768014 | 207680142 | 语言库209/209语言库 65排2列3层/ [索取号:H019-49/L365] | 在馆 | |
| 3 | 768015 | 207680151 | 语言库209/209语言库 65排2列3层/ [索取号:H019-49/L365] | 在馆 |